000
00303nam a2200121Ia 4500
008
190216s9999||||xx |||||||||||||| ||und||
100
_a
Himalaya Publishing House
245
0
_a
Hindi-Su-Raj Tatha Anya Radio Natak
260
_b
Sahithya Bharathi
_c
2008
300
_a
115
650
_a
Hindi
942
_c
BK
999
_c
16434
_d
16434